[Event "EU-ch 4th"]
[Site "Istanbul"]
[Date "2003.06.06"]
[Round "7"]
[White "Kharlov, Andrei"]
[Black "Gurevich, Mikhail"]
[Result "1-0"]
[WhiteElo "2581"]
[BlackElo "2635"]
[Annotator "White e4 - French Tarrasch 12"]
[PlyCount "143"]
[EventDate "2003.05.30"]
[EventType "swiss"]
[EventRounds "13"]
[EventCountry "TUR"]
[Source "ChessBase"]
[SourceDate "2003.09.25"]
[WhiteTeamCountry "ENG"]
[BlackTeamCountry "SLO"]

1. e4 e6 2. d4 d5 3. Nd2 c5 4. Ngf3 Nf6 5. exd5 exd5 6. Bb5+ Bd7 7. Bxd7+ Nbxd7
8. O-O Be7 9. dxc5 Nxc5 10. Nb3 Nce4 11. Nfd4 Qd7 12. f3 Nd6 13. Nc5 Qc7 14.
Nd3 O-O 15. b3 Rfe8 16. Be3 Bf8 17. Qd2 g6 18. Rae1 Bg7 19. Bf2 a6 20. Rxe8+
Rxe8 21. Re1 Nc8 22. a4 Bf8 23. Rxe8 Nxe8 24. Qg5 Bd6 25. Bg3 Ne7 26. Bxd6 Nxd6
27. g4 b5 28. a5 Nec8 29. Qd2 Nb7 30. b4 Ncd6 31. c3 Qe7 32. Nf4 Nc4 33. Qe2
Qd7 34. Qd1 Nd8 35. Nc2 Ne6 36. Nxd5 Kf8 37. Nce3 Nxe3 38. Nxe3 Qc7 39. Qd2 Qe5
40. Kf1 Qf6 41. Ke2 Qe5 42. Kf1 Qf6 43. Kg2 Qe5 44. Nc2 h5 45. Nd4 Nf4+ 46. Kf2
Qg5 47. Kf1 Qf6 48. gxh5 Nxh5 49. Ke1 Nf4 50. Kd1 g5 51. Kc1 Qg6 52. Qc2 Qh5
53. Kb2 Qh3 54. Qd2 Kg8 55. Nb3 Qxf3 56. Nc5 Qf1 57. Nxa6 Nd3+ 58. Ka2 Nc1+ 59.
Ka3 Nd3 60. Qxg5+ Kf8 61. Qd8+ Kg7 62. Qg5+ Kf8 63. Qxb5 Qe2 64. Qb8+ Kg7 65.
Qg3+ Kh7 66. Nc5 Nxc5 67. bxc5 f5 68. Qc7+ Kg6 69. c6 Qc4 70. Qd6+ Kh5 71. Qe5
Kg4 72. Qd4+ 1-0

[Event "Bundesliga 0203"]
[Site "Germany"]
[Date "2002.12.13"]
[Round "7.4"]
[White "Kindermann, Stefan"]
[Black "Casper, Thomas"]
[Result "1-0"]
[WhiteElo "2519"]
[BlackElo "2393"]
[Annotator "White e4 - French Tarrasch 13"]
[PlyCount "87"]
[EventDate "2002.10.19"]
[EventType "team"]
[EventRounds "15"]
[EventCountry "GER"]
[Source "ChessBase"]
[SourceDate "2003.04.01"]
[WhiteTeam "Plauen"]
[BlackTeam "Erfurt"]
[WhiteTeamCountry "GER"]
[BlackTeamCountry "GER"]

1. e4 e6 2. d4 d5 3. Nd2 c5 4. exd5 exd5 5. Ngf3 Nc6 6. Bb5 Bd6 7. O-O Nge7 8.
dxc5 Bxc5 9. Nb3 Bb6 10. Re1 O-O 11. Be3 Bf5 12. c3 Be4 13. Nfd4 h6 14. Qh5 Qd6
15. a4 Nxd4 16. Bxd4 a6 17. Bf1 Rfe8 18. Re3 Bxd4 19. Nxd4 Nc6 20. Qd1 Bg6 21.
Qd2 Rxe3 22. Qxe3 Nxd4 23. Qxd4 Re8 24. g3 Re4 25. Qd2 Qe6 26. f3 Qb6+ 27. Qf2
Re6 28. Qxb6 Rxb6 29. b4 d4 30. a5 Rd6 31. Rd1 d3 32. Kf2 Rc6 33. Bxd3 Rxc3 34.
Bxg6 fxg6 35. Rd7 Rb3 36. Rxb7 g5 37. g4 Kh7 38. Rb6 Kg8 39. Ke2 Kh7 40. Kd2
Rxf3 41. Rxa6 Rf4 42. Kc3 Rxg4 43. Rd6 Rg2 44. Rd2 1-0

[Event "RUS-chT"]
[Site "Togliatti"]
[Date "2003.05.16"]
[Round "1"]
[White "Vokarev, Sergey"]
[Black "Vaganian, Rafael A"]
[Result "1-0"]
[WhiteElo "2498"]
[BlackElo "2653"]
[Annotator "White e4 - French Tarrasch 14"]
[PlyCount "77"]
[EventDate "2003.05.16"]
[EventType "team"]
[EventRounds "10"]
[EventCountry "RUS"]
[Source "ChessBase"]
[SourceDate "2003.07.09"]
[WhiteTeamCountry "GER"]
[BlackTeamCountry "GER"]

1. e4 e6 2. d4 d5 3. Nd2 c5 4. exd5 exd5 5. Ngf3 Nc6 6. Bb5 Bd6 7. dxc5 Bxc5 8.
O-O Nge7 9. Nb3 Bd6 10. Re1 O-O 11. Bd3 h6 12. h3 Nf5 13. c3 Qf6 14. Bc2 Rd8
15. Qd3 g6 16. Qd2 Bf8 17. Qe2 Bg7 18. Bxf5 Bxf5 19. Be3 Be4 20. Nbd4 g5 21.
Rad1 Qg6 22. Nxc6 bxc6 23. Bd4 Re8 24. Nh2 Re6 25. Qd2 Bf8 26. f3 Bf5 27. Rxe6
Bxe6 28. Qf2 a5 29. Re1 a4 30. Ng4 Bxg4 31. fxg4 Rb8 32. Qe2 c5 33. Qe5 cxd4
34. Qxb8 a3 35. cxd4 Qd3 36. Re8 Qxd4+ 37. Kh2 axb2 38. Rxf8+ Kg7 39. Re8 1-0

[Event "Chigorin mem-A 10th"]
[Site "St Petersburg"]
[Date "2002.10.27"]
[Round "3"]
[White "Yagupov, Igor"]
[Black "Yevseev, Denis"]
[Result "1/2-1/2"]
[WhiteElo "2468"]
[BlackElo "2553"]
[Annotator "White e4 - Caro-Kann Short 1"]
[PlyCount "119"]
[EventDate "2002.10.25"]
[EventType "swiss"]
[EventRounds "9"]
[EventCountry "RUS"]
[Source "ChessBase"]
[SourceDate "2002.11.25"]
[WhiteTeamCountry "GER"]
[BlackTeamCountry "GER"]

1. e4 c6 2. d4 d5 3. e5 c5 4. dxc5 e6 5. Nf3 Bxc5 6. Bd3 Nc6 7. O-O f6 8. Qe2
fxe5 9. Nxe5 Nxe5 10. Qxe5 Nf6 11. Nd2 O-O 12. Nf3 Bd6 13. Qe2 Qc7 14. Re1 e5
15. Nxe5 Re8 16. f4 Ng4 17. Rf1 Nxe5 18. fxe5 Rxe5 19. Qf3 Be6 20. Bf4 Rf8 21.
Qg3 Rxf4 22. Rxf4 Rh5 23. Raf1 Bxf4 24. Qxf4 Qxf4 25. Rxf4 Re5 26. Ra4 a6 27.
Rb4 Bc8 28. Kf2 h6 29. Rb6 Kf7 30. h4 Re6 31. Rb4 g5 32. Be2 Rc6 33. c3 Kf6 34.
Kg3 b5 35. Rd4 Rc5 36. hxg5+ hxg5 37. Bg4 Bxg4 38. Kxg4 Rc4 39. Kh5 Rxd4 40.
cxd4 Kf5 41. g4+ Kf4 42. b4 Ke4 43. Kxg5 Kxd4 44. Kf4 Kc3 45. g5 d4 46. g6 d3
47. g7 d2 48. g8=Q d1=Q 49. Qc8+ Kb2 50. Qxa6 Qd4+ 51. Kf3 Qxb4 52. Ke2 Qe4+
53. Kd2 b4 54. Qf6+ Kxa2 55. Qf7+ b3 56. Qa7+ Kb2 57. Qg7+ Ka3 58. Qa1+ Kb4 59.
Qc3+ Ka4 60. Kc1 1/2-1/2

[Event "GRE-chT 31st"]
[Site "Halkidiki"]
[Date "2002.07.07"]
[Round "3"]
[White "Kotronias, Vasilios"]
[Black "Svetushkin, Dmitry"]
[Result "1/2-1/2"]
[WhiteElo "2578"]
[BlackElo "2491"]
[Annotator "White e4 - Caro-Kann Short 2"]
[PlyCount "86"]
[EventDate "2002.07.05"]
[EventType "team"]
[EventRounds "8"]
[EventCountry "GRE"]
[Source "ChessBase"]
[SourceDate "2002.09.10"]
[WhiteTeamCountry "GER"]
[BlackTeamCountry "GER"]

1. e4 c6 2. d4 d5 3. e5 c5 4. dxc5 Nc6 5. Bb5 e6 6. Be3 Nge7 7. c3 Bd7 8. Bxc6
Bxc6 9. Nf3 Nf5 10. Bd4 a5 11. a4 Nxd4 12. Qxd4 Be7 13. b4 O-O 14. O-O Qc7 15.
Qe3 Bd7 16. Nbd2 axb4 17. cxb4 Bxa4 18. Rfc1 Rfc8 19. h4 Bd7 20. Nb3 Ra4 21.
Rxa4 Bxa4 22. Nbd4 Be8 23. Qa3 Qd8 24. Qa7 Qc7 25. Rc2 h6 26. h5 Bd7 27. Qa1
Qd8 28. Qc1 Qe8 29. g4 Ra8 30. Rc3 Ra4 31. Rb3 Qa8 32. Kg2 Qe8 33. Qc3 f5 34.
gxf5 Qxh5 35. fxe6 Bxe6 36. Nxe6 Qg4+ 37. Kf1 Qxe6 38. Ke1 Qa6 39. Qd3 Ra1+ 40.
Ke2 Ra2+ 41. Ke1 Ra1+ 42. Ke2 Ra2+ 43. Ke1 Ra1+ 1/2-1/2

[Event "Metz op 19th"]
[Site "Metz"]
[Date "2001.04.13"]
[Round "7"]
[White "Nijboer, Friso"]
[Black "Zelcic, Robert"]
[Result "1-0"]
[WhiteElo "2580"]
[BlackElo "2503"]
[Annotator "White e4 - Caro-Kann Short 3"]
[PlyCount "89"]
[EventDate "2001.04.07"]
[EventType "swiss"]
[EventRounds "9"]
[EventCountry "FRA"]
[Source "ChessBase"]
[SourceDate "2001.05.06"]
[WhiteTeamCountry "GER"]
[BlackTeamCountry "GER"]

1. e4 c6 2. d4 d5 3. e5 Bf5 4. Nf3 e6 5. Be2 Ne7 6. O-O Bg6 7. Nbd2 Nd7 8. a3
Qc7 9. b4 f6 10. Bb2 Nf5 11. c4 fxe5 12. dxe5 Be7 13. g4 Nh6 14. Nd4 Qxe5 15.
f4 Qe3+ 16. Kh1 dxc4 17. Rf3 Be4 18. Nxe4 Qxe4 19. Bxc4 Nxg4 20. Qg1 Nde5 21.
fxe5 Nxe5 22. Re1 Nxf3 23. Rxe4 Nxg1 24. Nxe6 Nf3 25. Nxg7+ Kd7 26. Be6+ Kd6
27. Nf5+ Kc7 28. Bxh8 Bxb4 29. Bf6 Bc5 30. Kg2 Rf8 31. Bg7 Ng5 32. Bxf8 Nxe4
33. Bxc5 Nxc5 34. Bg8 Nd7 35. Bxh7 Nf8 36. Bg8 b5 37. h4 a5 38. h5 Nd7 39. h6
Nf6 40. Kf1 c5 41. Ke2 a4 42. Ng3 Kd6 43. Ne4+ Ke7 44. Nxc5 Kf8 45. Be6 1-0

[Event "EU-ch 3rd"]
[Site "Batumi"]
[Date "2002.06.23"]
[Round "11"]
[White "Baklan, Vladimir"]
[Black "Riazantsev, Alexander"]
[Result "1/2-1/2"]
[WhiteElo "2618"]
[BlackElo "2527"]
[Annotator "White e4 - Caro-Kann Short 6"]
[PlyCount "87"]
[EventDate "2002.06.12"]
[EventType "swiss"]
[EventRounds "13"]
[EventCountry "GEO"]
[Source "ChessBase"]
[SourceDate "2002.09.20"]
[WhiteTeamCountry "GER"]
[BlackTeamCountry "GER"]

1. e4 c6 2. d4 d5 3. e5 Bf5 4. Nf3 e6 5. Be2 Ne7 6. O-O Bg6 7. c3 Nd7 8. Na3
Nf5 9. Nc2 Be7 10. g4 Nh4 11. Nxh4 Bxh4 12. f4 Be4 13. Bd3 Bxd3 14. Qxd3 Be7
15. f5 Bg5 16. Qf3 Rf8 17. b3 Bxc1 18. Raxc1 Qg5 19. Ne3 O-O-O 20. Qg3 Rde8 21.
c4 Kb8 22. cxd5 cxd5 23. Nxd5 Qd2 24. Rfd1 Qb2 25. Nc3 Nb6 26. Qg2 Qxg2+ 27.
Kxg2 h5 28. h3 hxg4 29. hxg4 f6 30. fxe6 Rxe6 31. exf6 gxf6 32. d5 Rd6 33. Rd3
f5 34. Rf1 Rg6 35. Rf4 Rxg4+ 36. Rxg4 fxg4 37. Kg3 Nd7 38. Re3 Nf6 39. Re6 Kc8
40. Re7 Rd8 41. Re5 Kd7 42. Nd1 Re8 43. Rf5 Re1 44. Rxf6 1/2-1/2

[Event "Warsaw AIG Life rapid final"]
[Site "Warsaw"]
[Date "2002.12.22"]
[Round "2"]
[White "Volokitin, Andrei"]
[Black "Bareev, Evgeny"]
[Result "1-0"]
[WhiteElo "2558"]
[BlackElo "2737"]
[Annotator "White e4 - Caro-Kann Short 8"]
[PlyCount "77"]
[EventDate "2002.12.22"]
[EventType "match (rapid)"]
[EventRounds "3"]
[EventCountry "POL"]
[Source "ChessBase"]
[SourceDate "2003.03.07"]
[WhiteTeamCountry "GER"]
[BlackTeamCountry "GER"]

1. e4 c6 2. d4 d5 3. e5 Bf5 4. Nf3 e6 5. Be2 c5 6. Be3 cxd4 7. Nxd4 Ne7 8. Bg5
Qd7 9. Bxe7 Bxe7 10. Nxf5 exf5 11. Bf3 d4 12. O-O Nc6 13. Bxc6 bxc6 14. Qd3 Rb8
15. b3 Rb5 16. Qg3 O-O 17. Nd2 Bb4 18. Nc4 Bc3 19. Rad1 Qe6 20. Rd3 Rc5 21. Qf4
Rd5 22. h4 f6 23. exf6 Qxf6 24. h5 Qe7 25. Rg3 Kh8 26. h6 g6 27. Rd1 Kg8 28.
Rgd3 Re8 29. Nd2 g5 30. Rg3 g4 31. Nf3 Bb4 32. c4 Bd6 33. Rxg4+ Kh8 34. Rg7
Bxf4 35. Rxe7 Rxe7 36. cxd5 c5 37. b4 cxb4 38. Nxd4 Rf7 39. Ne6 1-0

[Event "Novosibirsk"]
[Site "Novosibirsk"]
[Date "1995.??.??"]
[Round "2"]
[White "Smirin, Ilia"]
[Black "Vyzmanavin, Alexey"]
[Result "1/2-1/2"]
[WhiteElo "2630"]
[BlackElo "2605"]
[Annotator "White e4 - Caro-Kann Short 10"]
[PlyCount "82"]
[EventDate "1995.10.??"]
[EventType "tourn"]
[EventRounds "11"]
[EventCountry "RUS"]
[EventCategory "15"]
[Source "ChessBase"]
[SourceDate "2004.01.01"]
[WhiteTeamCountry "GER"]
[BlackTeamCountry "GER"]

1. e4 c6 2. d4 d5 3. e5 Bf5 4. Nf3 e6 5. Be2 c5 6. Be3 Nd7 7. O-O Ne7 8. c4
dxc4 9. Na3 Nd5 10. Nxc4 Be7 11. Nd6+ Bxd6 12. exd6 O-O 13. dxc5 Nxe3 14. fxe3
Nxc5 15. Qd4 Qb6 16. Rac1 Ne4 17. d7 Rfd8 18. Qxb6 axb6 19. Ne5 Kf8 20. g4 Bg6
21. Bd3 Nd6 22. Bxg6 hxg6 23. Nxg6+ Kg8 24. Ne5 f6 25. Rfd1 Ne4 26. Nc4 Kf7 27.
a3 Ra6 28. Rd4 Nc5 29. Rcd1 Ke7 30. b4 e5 31. Rd6 Na4 32. b5 Ra7 33. R1d2 Nc5
34. Nxb6 Rxa3 35. R6d5 Ne4 36. R2d3 Ra1+ 37. Rd1 Rxd1+ 38. Rxd1 Nc3 39. Nc8+
Kf8 40. Rd3 Nxb5 41. Rb3 Nc7 1/2-1/2

[Event "Asti op 16th"]
[Site "Asti"]
[Date "1995.??.??"]
[Round "8"]
[White "Efimov, Igor"]
[Black "Sarno, Spartaco"]
[Result "1-0"]
[WhiteElo "2450"]
[BlackElo "2405"]
[Annotator "White e4 - Pirc 3"]
[PlyCount "85"]
[EventDate "1995.??.??"]
[EventType "swiss"]
[EventRounds "9"]
[EventCountry "ITA"]
[Source "ChessBase"]
[SourceDate "1996.11.15"]
[WhiteTeamCountry "GER"]
[BlackTeamCountry "GER"]

1. d4 Nf6 2. c4 g6 3. g3 c6 4. Bg2 d5 5. Nf3 Bg7 6. cxd5 cxd5 7. Ne5 O-O 8. O-O
e6 9. Nc3 Nfd7 10. f4 Nc6 11. Be3 Nb6 12. Bf2 Bd7 13. e4 Ne7 14. Nxd7 Qxd7 15.
e5 Rac8 16. Qd3 Na4 17. Nd1 Qc7 18. b3 Nb6 19. Be1 Qc2 20. Qf3 f5 21. Nc3 Qb2
22. Rb1 Qa3 23. Nb5 Qa6 24. a4 Nc6 25. Rf2 Nd7 26. Qd3 Qb6 27. Bc3 a6 28. Nd6
Rc7 29. b4 Nd8 30. b5 a5 31. Qd2 Nc6 32. Ra1 Nb4 33. Bxb4 axb4 34. a5 Qa7 35.
b6 Nxb6 36. Nb5 Nc4 37. Nxa7 Nxd2 38. Rxd2 Ra8 39. Nb5 Rc6 40. Nd6 Ra7 41. Bf1
b3 42. Nb5 Ra8 43. Rb2 1-0

[Event "Los Inmortales op 4th"]
[Site "Santo Domingo"]
[Date "2002.12.01"]
[Round "5"]
[White "Khenkin, Igor"]
[Black "Fridman, Daniel"]
[Result "1-0"]
[WhiteElo "2603"]
[BlackElo "2572"]
[Annotator "White e4 - Pirc 4"]
[PlyCount "52"]
[EventDate "2002.11.29"]
[EventType "swiss"]
[EventRounds "9"]
[EventCountry "DOM"]
[Source "ChessBase"]
[SourceDate "2003.01.09"]
[WhiteTeamCountry "GER"]
[BlackTeamCountry "GER"]

1. d4 d6 2. e4 Nf6 3. Nc3 g6 4. Be3 Bg7 5. Qd2 c6 6. f3 b5 7. g4 h5 8. g5 Nfd7
9. f4 Nb6 10. Nf3 d5 11. e5 a5 12. Bd3 Nc4 13. Bxc4 dxc4 14. Nh4 b4 15. Na4 Bh3
16. Rg1 Bc8 17. Qe2 Ba6 18. f5 gxf5 19. Nxf5 Bf8 20. e6 fxe6 21. Nh6 Bxh6 22.
Qxh5+ Kd7 23. gxh6 Kc8 24. d5 cxd5 25. Nb6+ Kb7 26. Nxa8 Nc6 1-0

[Event "FRA-chT"]
[Site "France"]
[Date "2003.05.09"]
[Round "10.6"]
[White "Fressinet, Laurent"]
[Black "Leski, Marc"]
[Result "1-0"]
[WhiteElo "2593"]
[BlackElo "2421"]
[Annotator "White e4 - Pirc 5"]
[PlyCount "117"]
[EventDate "2003.01.31"]
[EventType "team"]
[EventRounds "11"]
[EventCountry "FRA"]
[Source "ChessBase"]
[SourceDate "2003.07.25"]
[WhiteTeam "Paris NAO"]
[BlackTeam "Nice"]
[WhiteTeamCountry "FRA"]
[BlackTeamCountry "FRA"]

1. e4 d6 2. d4 Nf6 3. Nc3 g6 4. Be3 c6 5. Qd2 b5 6. Bd3 Nbd7 7. Nf3 Qc7 8. h3
Bg7 9. Ne2 Bb7 10. Ng3 a6 11. Bh6 Bxh6 12. Qxh6 e5 13. c3 Qd8 14. Qg7 Ke7 15.
Qh6 Qf8 16. Qd2 h5 17. dxe5 dxe5 18. c4 h4 19. Ne2 Qb8 20. O-O Qd6 21. Qe3 Qc5
22. Qxc5+ Nxc5 23. Nxe5 Rh5 24. f4 Nxd3 25. Nxd3 Nxe4 26. Rfe1 Kf8 27. Rad1 Re8
28. Ne5 Re7 29. Nd4 c5 30. Nb3 Rf5 31. Na5 Nf6 32. cxb5 axb5 33. Nxg6+ fxg6 34.
Rxe7 Kxe7 35. Nxb7 c4 36. Nd6 Rc5 37. a3 Ke6 38. Kf2 g5 39. fxg5 Rxg5 40. Rd4
Rc5 41. Nb7 Rf5+ 42. Kg1 Rd5 43. Rxd5 Kxd5 44. Kf2 Ke5 45. Na5 Kd4 46. Ke2 Nd5
47. Kf3 Kd3 48. Nc6 Kc2 49. Nd4+ Kxb2 50. Nxb5 c3 51. Nxc3 Kxc3 52. a4 Kd4 53.
a5 Ke5 54. Kg4 Ne3+ 55. Kxh4 Nxg2+ 56. Kg3 Nf4 57. a6 Ne6 58. a7 Nc7 59. Kg4
1-0

[Event "Dos Hermanas-B"]
[Site "Dos Hermanas"]
[Date "2003.03.28"]
[Round "1"]
[White "Moreno Carnero, Javier"]
[Black "Franco Ocampos, Zenon"]
[Result "1-0"]
[WhiteElo "2508"]
[BlackElo "2506"]
[Annotator "White e4 - Pirc 7"]
[PlyCount "87"]
[EventDate "2003.03.28"]
[EventType "tourn"]
[EventRounds "9"]
[EventCountry "ESP"]
[EventCategory "10"]
[Source "ChessBase"]
[SourceDate "2003.07.25"]
[WhiteTeamCountry "FRA"]
[BlackTeamCountry "FRA"]

1. e4 d6 2. d4 Nf6 3. Nc3 g6 4. Be3 c6 5. Qd2 b5 6. Bd3 Nbd7 7. Nf3 e5 8. dxe5
dxe5 9. h3 Bb7 10. O-O Bg7 11. a4 a6 12. Ne2 Qe7 13. Ng3 Nc5 14. axb5 cxb5 15.
Bh6 O-O 16. Bxg7 Kxg7 17. Qg5 Kh8 18. Nxe5 Rae8 19. f4 Nfxe4 20. Nxe4 Nxe4 21.
Qxe7 Rxe7 22. Bxe4 Bxe4 23. Rfe1 f5 24. Rxa6 g5 25. Nd3 Rc7 26. fxg5 Rxc2 27.
Nf4 Rd8 28. Rb6 Rxb2 29. Ra1 Rd7 30. Ra5 Kg8 31. Raxb5 Rxb5 32. Rxb5 Rb7 33.
Ra5 Rb6 34. Rc5 Rb7 35. Kf2 Rb3 36. Rc8+ Kf7 37. Rc7+ Kg8 38. Rc8+ Kf7 39. Rc7+
Kg8 40. h4 Rb7 41. Rc8+ Kf7 42. h5 Ke7 43. h6 Kd6 44. Re8 1-0

[Event "Warsaw AIG Life rapid qf2"]
[Site "Warsaw"]
[Date "2002.12.22"]
[Round "3"]
[White "Chernin, Alexander"]
[Black "Tseshkovsky, Vitaly"]
[Result "1-0"]
[WhiteElo "2573"]
[BlackElo "2545"]
[Annotator "White e4 - Modern 1"]
[PlyCount "83"]
[EventDate "2002.12.22"]
[EventType "tourn (rapid)"]
[EventRounds "6"]
[EventCountry "POL"]
[EventCategory "14"]
[Source "ChessBase"]
[SourceDate "2003.03.07"]
[WhiteTeamCountry "FRA"]
[BlackTeamCountry "FRA"]

1. d4 d6 2. e4 Nf6 3. Bd3 g6 4. c3 Bg7 5. Nf3 O-O 6. O-O Nbd7 7. Re1 e5 8. Nbd2
b6 9. Nf1 Bb7 10. Ng3 a6 11. h3 Re8 12. Bg5 h6 13. Bd2 Qe7 14. Qc2 Rac8 15.
Rad1 c5 16. d5 c4 17. Bf1 b5 18. b3 Nb6 19. Be3 Nfd7 20. Nd2 cxb3 21. axb3 b4
22. Nc4 Nxc4 23. Bxc4 bxc3 24. Qxc3 Nc5 25. Qb4 h5 26. f3 Kh7 27. Qd2 Qf8 28.
Ra1 Ra8 29. b4 Nd7 30. Bb3 Bh6 31. Bxh6 Qxh6 32. Qxh6+ Kxh6 33. Ba4 Re7 34.
Rec1 Nf6 35. Nf1 Rb8 36. Ne3 h4 37. Nc4 Rd8 38. Bc6 Bc8 39. Nb6 Nh5 40. Nxc8
Rxc8 41. Rxa6 Nf4 42. Rca1 1-0

[Event "Bundesliga 0102"]
[Site "Germany"]
[Date "2002.04.28"]
[Round "15.3"]
[White "McShane, Luke J"]
[Black "Paehtz, Thomas Sr"]
[Result "1-0"]
[WhiteElo "2511"]
[BlackElo "2451"]
[Annotator "White e4 - Modern 3"]
[PlyCount "51"]
[EventDate "2001.10.06"]
[EventType "team"]
[EventRounds "15"]
[EventCountry "GER"]
[Source "ChessBase"]
[SourceDate "2002.08.12"]
[WhiteTeam "Werder Bremen"]
[BlackTeam "Erfurter SK"]
[WhiteTeamCountry "GER"]
[BlackTeamCountry "GER"]

1. e4 g6 2. d4 Bg7 3. Nf3 d6 4. Bd3 Nf6 5. c3 O-O 6. O-O Nc6 7. Re1 e5 8. h3
Re8 9. d5 Ne7 10. c4 Nd7 11. Nc3 h6 12. b4 f5 13. Ba3 Nf6 14. Rc1 Kh8 15. Nd2
Rg8 16. c5 Ne8 17. Nc4 fxe4 18. Nxe4 dxc5 19. Nxc5 Qxd5 20. Bb2 Nc6 21. b5 e4
22. Bxg7+ Nxg7 23. Nxe4 Nb4 24. Qd2 Nf5 25. Qxb4 Qxd3 26. Rcd1 1-0

[Event "AUT-ch"]
[Site "Frohnleiten"]
[Date "2000.??.??"]
[Round "8.16"]
[White "Wittmann, Walter"]
[Black "Posch, Werner"]
[Result "1/2-1/2"]
[WhiteElo "2380"]
[BlackElo "2249"]
[Annotator "White e4 - Alekhine 2"]
[PlyCount "73"]
[EventDate "2000.08.05"]
[EventType "swiss"]
[EventRounds "9"]
[EventCountry "AUT"]
[Source "ChessBase"]
[SourceDate "2000.09.14"]
[WhiteTeamCountry "GER"]
[BlackTeamCountry "GER"]

1. e4 Nf6 2. e5 Nd5 3. d4 d6 4. c4 Nb6 5. exd6 cxd6 6. Nc3 g6 7. Be3 Bg7 8. Rc1
O-O 9. b3 f5 10. Nf3 f4 11. Bd2 e5 12. dxe5 dxe5 13. c5 e4 14. cxb6 exf3 15.
Qxf3 Re8+ 16. Be2 Nc6 17. Qxf4 Nd4 18. Be3 Nxe2 19. Nxe2 axb6 20. O-O Rxa2 21.
Qb4 Be6 22. Nf4 Bf7 23. Rfd1 Qf6 24. Rd6 Qb2 25. Nd3 Qe2 26. Qxb6 Ra6 27. Qc7
Rxd6 28. Qxd6 Bxb3 29. Qd7 Bf7 30. h3 Bf6 31. Rc7 Qa2 32. Rxb7 Rd8 33. Qb5 Bc4
34. Qb6 Qa1+ 35. Nc1 Qe5 36. f4 Qxe3+ 37. Qxe3 1/2-1/2

[Event "Mercosur Cup 4th"]
[Site "Vicente Lopez"]
[Date "2001.06.26"]
[Round "4"]
[White "Slipak, Sergio"]
[Black "Rodriguez, Andres"]
[Result "1-0"]
[WhiteElo "2448"]
[BlackElo "2500"]
[Annotator "White e4 - Scandinavian 1 (Owen's)"]
[PlyCount "137"]
[EventDate "2001.06.23"]
[EventType "tourn"]
[EventRounds "9"]
[EventCountry "ARG"]
[EventCategory "8"]
[Source "ChessBase"]
[SourceDate "2001.11.25"]
[WhiteTeamCountry "GER"]
[BlackTeamCountry "GER"]

1. d4 e6 2. Nf3 b6 3. e4 Bb7 4. Bd3 c5 5. c3 Nf6 6. Qe2 Be7 7. O-O Nc6 8. dxc5
bxc5 9. e5 Nd5 10. c4 Ndb4 11. Be4 f5 12. exf6 Bxf6 13. a3 Na6 14. Bf4 O-O 15.
Bd6 Be7 16. Bxe7 Qxe7 17. Nc3 Nc7 18. Rad1 Rad8 19. Qe3 Ne8 20. Nd5 exd5 21.
Bxd5+ Kh8 22. Qxe7 Nxe7 23. Bxb7 Nf6 24. Rfe1 Ng6 25. Rd2 Rb8 26. Be4 Rfe8 27.
Bxg6 Rxe1+ 28. Nxe1 hxg6 29. f3 Rb6 30. Kf2 Kg8 31. Nd3 d6 32. Ke2 Kf7 33. Kd1
a5 34. Kc2 Ng8 35. Nf4 Ne7 36. Nd5 Nxd5 37. Rxd5 Ke6 38. Rd3 a4 39. Re3+ Kf7
40. Re2 Rb8 41. Rd2 Ke6 42. Kd3 Ke5 43. Re2+ Kf5 44. Kc2 Kf6 45. Re3 Kf7 46. b3
axb3+ 47. Rxb3 Re8 48. Kd3 Re7 49. a4 Ra7 50. Ra3 Ke6 51. a5 Ke5 52. a6 g5 53.
Ke3 Kf5 54. g4+ Ke5 55. Ra5 g6 56. h3 Kf6 57. Ke4 Ke6 58. Ra1 Kd7 59. f4 gxf4
60. Kxf4 Ke6 61. Kg5 d5 62. cxd5+ Kxd5 63. Kxg6 c4 64. h4 c3 65. h5 c2 66. Rc1
Rxa6+ 67. Kf5 Rc6 68. g5 Kd6 69. h6 1-0

[Event "Cappelle op 19th"]
[Site "Cappelle la Grande"]
[Date "2003.02.23"]
[Round "2"]
[White "Timofeev, Artyom"]
[Black "Bryson, Douglas M"]
[Result "1-0"]
[WhiteElo "2592"]
[BlackElo "2389"]
[Annotator "White e4 - Scandinavian 4"]
[PlyCount "53"]
[EventDate "2003.02.22"]
[EventType "swiss"]
[EventRounds "9"]
[EventCountry "FRA"]
[Source "ChessBase"]
[SourceDate "2003.03.07"]
[WhiteTeamCountry "SVK"]
[BlackTeamCountry "GRE"]

1. e4 d5 2. exd5 Nf6 3. Nf3 Nxd5 4. d4 Bg4 5. h3 Bh5 6. c4 Nb6 7. Nc3 e5 8. g4
exd4 9. Nxd4 Bg6 10. Bg2 c6 11. O-O Be7 12. c5 N6d7 13. f4 h5 14. f5 Bh7 15. g5
Nxc5 16. b4 Nca6 17. Be3 Bxg5 18. Bxg5 Qxg5 19. Re1+ Kf8 20. Nf3 Qf6 21. Ne4
Qe7 22. Nd6 Qd8 23. Re8+ Qxe8 24. Nxe8 Kxe8 25. Qd2 Bxf5 26. Re1+ Be6 27. Ng5
1-0

[Event "Moscow Aeroflot op"]
[Site "Moscow"]
[Date "2002.02.05"]
[Round "2"]
[White "Lastin, Alexander"]
[Black "Prokopchuk, Evgeny"]
[Result "1/2-1/2"]
[WhiteElo "2630"]
[BlackElo "2508"]
[Annotator "White e4 - Scandinavian 5"]
[PlyCount "82"]
[EventDate "2002.02.04"]
[EventType "swiss"]
[EventRounds "9"]
[EventCountry "RUS"]
[Source "ChessBase"]
[SourceDate "2002.03.21"]
[WhiteTeamCountry "SVK"]
[BlackTeamCountry "GRE"]

1. e4 d5 2. exd5 Nf6 3. Nf3 Nxd5 4. d4 g6 5. Be2 Bg7 6. O-O O-O 7. Re1 Bg4 8.
h3 Bxf3 9. Bxf3 c6 10. c3 e6 11. Nd2 Nd7 12. Nb3 Re8 13. Bd2 Qc7 14. Qc2 Ne7
15. Re2 Nf5 16. Rae1 Kf8 17. Qc1 Rad8 18. Bf4 Qb6 19. Be4 Ne7 20. Nd2 Qa6 21.
Qb1 Nd5 22. Bg3 b5 23. Bf3 N7f6 24. Nb3 Nd7 25. Qc2 Kg8 26. Nc1 Qb6 27. a4 a6
28. Nd3 Rc8 29. Qb3 Red8 30. Ra1 c5 31. dxc5 Nxc5 32. Nxc5 Rxc5 33. axb5 axb5
34. Rd2 Bf6 35. Rad1 Qc6 36. Bf4 Kg7 37. Be3 Rc4 38. Rd3 h5 39. Bxd5 Rxd5 40.
Rxd5 exd5 41. Rd3 Qb7 1/2-1/2

[Event "Malaga op 4th"]
[Site "Malaga"]
[Date "2001.02.26"]
[Round "4"]
[White "Leskovar, Mario"]
[Black "Korneev, Oleg"]
[Result "1/2-1/2"]
[WhiteElo "2379"]
[BlackElo "2600"]
[Annotator "Black e4 - Berlin 1"]
[PlyCount "128"]
[EventDate "2001.02.23"]
[EventType "swiss"]
[EventRounds "9"]
[EventCountry "ESP"]
[Source "ChessBase"]
[SourceDate "2001.11.25"]
[WhiteTeamCountry "SVK"]
[BlackTeamCountry "GRE"]

1. e4 e5 2. Nf3 Nc6 3. Bb5 a6 4. Ba4 Nf6 5. d4 exd4 6. O-O Be7 7. e5 Ne4 8.
Nxd4 O-O 9. Nf5 d5 10. Bxc6 bxc6 11. Nxe7+ Qxe7 12. Re1 Re8 13. f3 Nd6 14. b3
f6 15. Bb2 Nf7 16. f4 fxe5 17. fxe5 Bf5 18. Nd2 Rad8 19. Nf1 Ng5 20. Ng3 Bg6
21. Qe2 a5 22. Rad1 a4 23. Kh1 Ne6 24. Rf1 Rf8 25. Rxf8+ Rxf8 26. c4 axb3 27.
axb3 Qb4 28. cxd5 cxd5 29. Qd2 Qxd2 30. Rxd2 c6 31. b4 Rf4 32. b5 cxb5 33. Rxd5
b4 34. Rb5 h5 35. Rb6 Kf7 36. Kg1 Bd3 37. Rd6 Bg6 38. Ne2 Re4 39. Nd4 Nxd4 40.
Rxd4 Rxd4 41. Bxd4 Ke6 42. Kf2 h4 43. Ke3 Be8 44. Kf4 Bc6 45. Kg4 Bxg2 46. Kxh4
Kf5 47. Kg3 Bc6 48. h4 g6 49. Ba1 Bd5 50. Bb2 Bc6 51. Bc1 Bd7 52. Bb2 Ke4 53.
Bc1 Be6 54. Bb2 Ke3 55. Ba1 Bd7 56. Bb2 b3 57. Ba1 Ke4 58. Bb2 Bf5 59. Ba1 Be6
60. Bb2 Bd7 61. Ba1 Be8 62. Kg4 Kd5 63. Kg5 Kc6 64. Bb2 Bf7 1/2-1/2